[Event "TUR-ch U07/12"]
[Site "Antalya"]
[Date "2023.01.28"]
[Round "10"]
[White "Tonuk, Deniz"]
[Black "Beskardesler, Ihsan Batin"]
[Result "1/2-1/2"]
[WhiteElo "1283"]
[BlackElo "1255"]
[PlyCount "37"]
[EventDate "2023.01.17"]
[EventType "swiss"]
[EventRounds "10"]
[EventCountry "TUR"]
[SourceTitle "EXT 2024"]
[Source "ChessBase"]
[SourceDate "2023.10.10"]
[SourceVersion "1"]
[SourceVersionDate "2023.10.10"]
[SourceQuality "1"]

1. e4 c5 2. c3 Nf6 3. e5 Nd5 4. d4 cxd4 5. Nf3 e6 6. cxd4 d6 7. Bc4 Be7 8. 0-0 0-0 9. Qe2 b6 10. Nc3 Nxc3 11. bxc3 Bb7 12. Bf4 dxe5 13. Nxe5 Nd7 14. Rac1 Nxe5 15. Bxe5 Bf6 16. Rfd1 Bxe5 17. Qxe5 Rc8 18. Bd3 Qd5 19. Qxd5 1/2-1/2